Research methodology: Problems and prospects (Record no. 312933)

MARC details
000 -LEADER
fixed length control field 00474 a2200169 4500
005 - DATE & TIME
control field 20240410162523.0
008 - FIXED-LENGTH DATA ELEMENTS--GENERAL INFORMATION
fixed length control field 240410b |||||||| |||| 00| 0 eng d
020 ## - ISBN
International Standard Book Number 9788193751329
Price Rs. 1895.00
040 ## - CATALOGING SOURCE
Original cataloging agency VIVEKANANDA LIBRARY
082 ## - DDC NUMBER
Classification number 300.72
Book Number M931R
100 ## - MAIN ENTRY--PERSONAL NAME
Personal name Murugan, Annamalai
245 ## - TITLE STATEMENT
Title Research methodology: Problems and prospects
260 ## - PUBLICATION, DISTRIBUTION, ETC. (IMPRINT)
Name of publisher, distributor, etc SSDN Publishers and Distributors
Date of publication, distribution, etc 2024
Place of publication, distribution, etc New Delhi
300 ## - PHYSICAL DESCRIPTION
Pages x, 269
650 ## - Subject
Subject Research Methodology
942 ## - ADDED ENTRY ELEMENTS (KOHA)
Koha item type Books
Holdings
Withdrawn status Lost status Source of classification or shelving scheme Damaged status Not for loan Location (home branch) Sublocation or collection (holding branch) Date acquired Koha issues (times borrowed) Koha full call number Accession No. Koha date last seen Koha item type
    Dewey Decimal Classification     VIVEKANANDA LIBRARY VIVEKANANDA LIBRARY 05/03/2024 2 300.72 M931R 409842 30/08/2024 Books
    Dewey Decimal Classification     VIVEKANANDA LIBRARY VIVEKANANDA LIBRARY 05/03/2024   300.72 M931R 409843 05/03/2024 Books
© Designed and Maintained by Vivekananda Library, MDU Rohtak